[Event "HCL-B251"]
[Site "www.playchess.de"]
[Date "2001.04.09"]
[Round "7"]
[White "Lycanth"]
[Black "PANDURANGAIAH"]
[WhiteElo "1443"]
[BlackElo "1500"]
[PlyCount "49"]
[Result "1-0"]

1.e4 {Hello :)}  e5 2.Nf3 Nc6 3.Bb5 d6 4.Nc3 Bd7 
5.Bc4 h6 6.O-O Nf6 7.d4 exd4 8.Nxd4 Nxd4 9.Qxd4 
Be7 10.Be3 O-O 11.Rad1 a6 12.Rfe1 Re8 13.Bf4 Nh5 
14.Bc1 Nf6 15.Rd3 Ng4 16.Rg3 Kh7 17.e5 Nxe5 18.f4 
Ng6 19.Bxf7 Rf8 20.Bxg6+ Kh8 21.f5 Bf6 22.Qg4 Bxc3 
23.Bxh6 Be5 24.Bxg7+ Kxg7 25.Be8+ 1-0

[Event "HCL-B250"]
[Site "www.playchess.de"]
[Date "2001.04.09"]
[Round "2"]
[White "sarx"]
[Black "Bauernopfer"]
[WhiteElo "1345"]
[BlackElo "1336"]
[PlyCount "32"]
[Result "0-1"]

1.e4 e5 2.Nf3 Nc6 3.Bb5 Nf6 4.O-O a6 5.Bxc6 dxc6 
6.d3 Bg4 7.Nbd2 Bc5 8.Qe1 Bxf3 9.Nxf3 Qe7 10.Bg5 
h6 11.Bxf6 Qxf6 12.Qa5 Bd6 13.Rad1 O-O 14.c3 b6 
15.Qa4 c5 16.d4 exd4 0-1

[Event "HCL-C248"]
[Site "www.playchess.de"]
[Date "2001.04.09"]
[Round "22"]
[White "sarek"]
[Black "pgschumy"]
[WhiteElo "1116"]
[BlackElo "932"]
[PlyCount "24"]
[Result "0-1"]

1.e4 c5 2.c3 e5 {hi! Again!}  3.Nf3 Nc6 4.Bc4 h6 
5.d3 a6 6.O-O b5 7.Bb3 Nf6 8.Re1 a5 9.d4 cxd4 
10.cxd4 exd4 11.Nxd4 Nxd4 12.Qxd4 
Be7 0-1

[Event "HCL-B257"]
[Site "www.playchess.de"]
[Date "2001.04.09"]
[Round "8"]
[White "supercazzola"]
[Black "Whatever"]
[WhiteElo "1574"]
[BlackElo "1512"]
[PlyCount "33"]
[Result "1/2-1/2"]

1.d4 Nf6 {Have a good game.}  2.Bg5 {u2}  Ne4 
3.Bf4 c5 4.d5 d6 5.f3 Qa5+ 6.c3 Nf6 7.e4 g6 8.Nd2 
Nbd7 9.Bc4 Bg7 10.Ne2 O-O 11.O-O b5 12.Bb3 Ba6 
13.Bc2 b4 14.c4 Qc7 15.b3 Nh5 16.Rb1 Nxf4 
17.Nxf4 1/2-1/2

[Event "HCL-C255"]
[Site "www.playchess.de"]
[Date "2001.04.09"]
[Round "7"]
[White "Fiver"]
[Black "IQ"]
[WhiteElo "1146"]
[BlackElo "826"]
[PlyCount "71"]
[Result "1-0"]

1.e4 e5 2.d3 Nf6 3.Nc3 d5 4.exd5 Nxd5 5.Bd2 Bb4 
6.Nxd5 Bxd2+ 7.Qxd2 Qxd5 8.b3 O-O 9.O-O-O Nc6 
10.Re1 Be6 11.Qg5 Qd4 12.Kb1 Qxf2 13.Qe3 Qxe3 
14.Rxe3 f6 15.Ne2 Ne7 16.Nc3 a6 17.h3 b5 18.g4 f5 
19.Rxe5 Rf6 20.Bg2 Re8 21.g5 Ng6 22.gxf6 Nxe5 
23.Rg1 g6 24.d4 Nd7 25.Nd5 Bxd5 26.Bxd5+ Kf8 27.f7 
Re3 28.c4 Rxh3 29.Re1 Nf6 30.Be6 Ne4 31.Kb2 c6 
32.cxb5 axb5 33.Rc1 Nd6 34.Rxc6 Nxf7 35.Bd7 f4 
36.Bxh3 1-0

[Event "ACL-A138"]
[Site "www.playchess.de"]
[Date "2001.04.09"]
[Round "33"]
[White "Emma2001"]
[Black "susygusy"]
[WhiteElo "1500"]
[BlackElo "1500"]
[PlyCount "36"]
[Result "0-1"]

1.e4 e5 {good luck}  2.Bc4 Nc6 3.Qf3 Nf6 4.c3 d6 
5.h3 Be7 6.g4 h6 7.d3 a6 8.g5 hxg5 9.Bxg5 Na5 
10.Bxf6 Bxf6 11.Nd2 Nxc4 12.Nxc4 Be6 13.Ne2 Qd7 
14.d4 Bxc4 15.b3 Bxe2 16.Qxe2 Rxh3 17.Rxh3 Qxh3 
18.O-O-O Qxc3+ 0-1

[Event "HCL-C262"]
[Site "www.playchess.de"]
[Date "2001.04.09"]
[Round "9"]
[White "yann"]
[Black "someone"]
[WhiteElo "1000"]
[BlackElo "1000"]
[PlyCount "34"]
[Result "0-1"]

1.e4 c5 2.Bc4 e6 3.d4 cxd4 4.Qxd4 Nc6 5.Qc3 Bb4 
6.Ne2 Bxc3+ 7.Nexc3 Nf6 8.O-O O-O 9.Rd1 a6 10.e5 
Nxe5 11.Na3 b5 12.Bd3 b4 13.f4 Nfg4 14.Be4 Qb6+ 
15.Kh1 Nf2+ 16.Kg1 Nh3+ 17.Kf1 Qf2+ {Good Game, 
although I was hoping you would allow the smother 
mate: 17. Kh1 Qg1+ 18. Rxg1 Nf2#} 
 0-1

[Event "HCL-B264"]
[Site "www.playchess.de"]
[Date "2001.04.09"]
[Round "7"]
[White "UVI"]
[Black "GANT"]
[WhiteElo "1500"]
[BlackElo "1464"]
[PlyCount "24"]
[Result "1/2-1/2"]

1.e4 {Hi! I am Victor}  c6 {Hi my name is Göran. I 
live in Lund. Were do you live?}  2.d4 {I'm very 
glad. I live in Russia, Siberia, Tomsk}  d5 {Lund 
is situated in south Sweden}  3.Nc3 {Is it a large 
town?}  dxe4 {Not very, it is next to Malmö.}  
4.Nxe4 {I see, you live near the sea. That's 
wonderful!}  Bf5 {I've looked at Tomsk at a map, 
it's near Omsk}  5.Ng3 {Omsk is near the Ural. It 
is far from Tomsk: you should do 1,5 day by car to 
reach it.}  Bg6 {I understand.}  6.Nf3 e6 7.Bd3 
Nf6 {It was a world map I looked on that was my 
misstake.}  8.O-O {This is my first tour on 
PlayChess, and you?}  Bd6 {this is my 2nd 
tournament here}  9.c4 Nbd7 10.Bg5 Qc7 11.Bxg6 
hxg6 12.Re1 O-O-O 1/2-1/2

[Event "HCL-C269"]
[Site "www.playchess.de"]
[Date "2001.04.09"]
[Round "6"]
[White "Stephen21"]
[Black "assmonkey"]
[WhiteElo "1175"]
[BlackElo "927"]
[PlyCount "93"]
[Result "1-0"]

1.Nc3 e5 {Good luck.}  2.d4 exd4 3.Qxd4 Nc6 4.Qe3+ 
Be7 5.Nd5 d6 6.Nf3 Be6 7.Nf4 Qd7 8.g3 Nf6 9.Bg2 h6 
10.b3 Nd5 11.Nxd5 Bxd5 12.Bb2 O-O 13.O-O Rfe8 
14.Qd3 Qe6 15.c4 Be4 16.Qc3 Bf6 17.Qd2 Bxb2 
18.Qxb2 Re7 19.Rad1 Rae8 20.Nd4 Nxd4 21.Qxd4 Bxg2 
22.Kxg2 Qe4+ 23.Qxe4 R7xe4 24.e3 Rd8 25.Rd5 Re5 
26.Rfd1 Rxd5 27.Rxd5 Re8 28.a4 Kf8 29.Kf3 Ke7 
30.h4 Kd7 31.Kf4 Re6 32.e4 f6 33.Ke3 Re5 34.Rd3 c5 
35.f4 Re7 36.g4 g5 37.fxg5 fxg5 38.hxg5 hxg5 
39.Rd5 Re5 40.a5 Rxd5 41.exd5 Kc7 42.Ke4 b6 43.a6 
b5 44.Kf5 bxc4 45.bxc4 Kb6 46.Kxg5 Kxa6 
47.Kf5 1-0

[Event "HCL-A109"]
[Site "www.playchess.de"]
[Date "2001.04.09"]
[Round "12"]
[White "Tinho"]
[Black "Rifleman"]
[WhiteElo "1846"]
[BlackElo "1554"]
[PlyCount "27"]
[Result "1-0"]

1.e4 g6 {Hello have a good game.}  2.d4 {Thanks, 
you too}  Bg7 {:}  3.c3 d6 4.Bg5 Nf6 5.Nd2 O-O 
6.Ngf3 e5 7.dxe5 dxe5 8.Nxe5 Qd6 9.Nef3 Nxe4 
10.Nxe4 Qxd1+ 11.Rxd1 Re8 12.Rd8 Rxd8 {Good move 
guess thats it.}  13.Bxd8 {I thought 10. .... Re8 
would get your piece back.}  c6 {So did I 5 moves 
ago but you messed me up. Which is the game. Good 
luck and move and I'm gone.}  14.Bc4 {Ok. Hope 
we'll meet again for a revanche.} 
 1-0

[Event "HCL-A109"]
[Site "www.playchess.de"]
[Date "2001.04.09"]
[Round "16"]
[White "Ciociosan"]
[Black "LUCIANO"]
[WhiteElo "1815"]
[BlackElo "1700"]
[PlyCount "49"]
[Result "1-0"]

1.e4 c5 2.Nf3 Nc6 3.d4 cxd4 4.Nxd4 Nf6 5.Nc3 d6 
6.Bc4 g6 7.Nxc6 bxc6 8.e5 Ng4 9.exd6 exd6 10.O-O 
Be7 11.Be2 Ne5 12.Bh6 Bf6 13.f4 Nd7 14.Qxd6 Qb6+ 
15.Kh1 Be7 16.Qd3 Bb7 17.Bf3 O-O-O 18.Na4 Qa5 
19.Qc4 Nb6 20.Nxb6+ Qxb6 21.Qxf7 Qc5 22.Bg7 Rhe8 
23.b4 Qxc2 24.Be5 Qd2 25.Bg4+ 1-0

[Event "HCL-B276"]
[Site "www.playchess.de"]
[Date "2001.04.09"]
[Round "11"]
[White "pj287"]
[Black "guanzi"]
[WhiteElo "1408"]
[BlackElo "1427"]
[PlyCount "61"]
[Result "1-0"]

1.e4 {Hi from Port Jervis,NY. Good luck.}  c5 
{Hello from Stockholm, Sweden. good luck to you 
too.}  2.Nf3 Nc6 3.d4 cxd4 4.Nxd4 Nf6 5.Nc3 Qa5 
6.Nxc6 bxc6 7.Bd2 Qb6 8.Rb1 d5 9.exd5 cxd5 10.Bb5+ 
Bd7 11.Bxd7+ Nxd7 12.Nxd5 Qe6+ 13.Be3 Rc8 14.O-O 
Nb6 15.Nxb6 axb6 16.Qd3 g6 17.Qb5+ Qc6 18.Qxb6 
Qxb6 19.Bxb6 Rxc2 20.Rbc1 Rxb2 21.Bd4 Rxa2 {I'm 
lost! Good move, I don't know how I could miss 
that one.}  22.Bxh8 {At least your oversight was 
on move 20. Against monching I fell for an opening 
trap on move 3.}  Bh6 23.Rca1 Rc2 24.Bd4 f6 25.f3 
e5 26.Bf2 Kf7 27.Ra6 f5 28.Rb1 Bf8 29.Rb7+ Be7 
30.Bh4 Rc1+ {I'm about to resign, good game from 
you.}  31.Kf2 {Thanks. It was a tough game until 
your oversight on move 20. Good luck in your other 
games.}  1-0

[Event "HCL-C268"]
[Site "www.playchess.de"]
[Date "2001.04.09"]
[Round "16"]
[White "supernova"]
[Black "olaf"]
[WhiteElo "1000"]
[BlackElo "1447"]
[PlyCount "87"]
[Result "1-0"]

1.e4 {yo!}  e5 2.Nf3 {my ICQ# 8992166 for playing 
faster}  Nf6 3.Nxe5 d6 4.Nf3 Nxe4 5.d3 Nf6 6.Bg5 
Be7 7.Nc3 Be6 8.d4 O-O 9.Bd3 h6 10.Bh4 d5 11.a3 c5 
12.dxc5 Bxc5 13.O-O Be7 14.Re1 Nc6 15.Qd2 Re8 
16.Bg3 a6 17.Bf4 d4 18.Ne2 Bd6 19.Nexd4 Nxd4 
20.Nxd4 Bxf4 21.Qxf4 Nh5 22.Qd2 Kh8 23.Nxe6 Rxe6 
24.Rxe6 fxe6 25.Qe3 Qf6 26.Qe4 Kg8 27.Qxb7 Rf8 
28.Kh1 Qxf2 29.Qxa6 Nf4 30.Be4 Ne2 31.Qxe6+ Kh8 
32.g3 Nd4 33.Qg6 Kg8 34.Qh7+ Kf7 35.Bd5+ Kf6 
36.Qe4 g6 37.Rd1 Kg7 38.Bc4 h5 39.Qe7+ Kh6 40.Rf1 
Qxf1+ 41.Bxf1 Rxf1+ 42.Kg2 {I'm back man!}  Rd1 
43.Qe3+ g5 44.h4 1-0

[Event "ACL-X001"]
[Site "www.playchess.de"]
[Date "2001.04.09"]
[Round "1"]
[White "Nils"]
[Black "Utesch"]
[WhiteElo "1831"]
[BlackElo "1899"]
[PlyCount "30"]
[Result "1/2-1/2"]

1.e4 c5 {Hallo Nils, jetzt also unsere 
Revanchepartie! Viel Glück, Wolfgang}  2.Nf3 e6 
3.Nc3 a6 4.d4 cxd4 5.Nxd4 Qc7 6.Bd3 Nf6 7.O-O b5 
8.a3 Bb7 9.Bg5 Bc5 10.Nb3 Be7 11.f4 d6 12.Qe1 Nbd7 
13.Rd1 h6 14.Bh4 g5 15.Bg3 Nh5 1/2-1/2

[Event "HCL-B283"]
[Site "www.playchess.de"]
[Date "2001.04.09"]
[Round "12"]
[White "richard"]
[Black "hercules"]
[WhiteElo "1488"]
[BlackElo "1200"]
[PlyCount "54"]
[Result "0-1"]

1.e4 {good luck}  e6 2.d3 d5 {hi   :-))}  3.Nd2 
Nf6 4.Ngf3 b6 5.g3 Bb7 6.Qe2 Be7 7.Bg2 {hercules?? 
prove it}  O-O 8.O-O c5 9.e5 Nfd7 10.Re1 Nc6 
11.Nf1 Rc8 12.c3 Qc7 13.d4 cxd4 14.cxd4 Nb4 15.Ne3 
{strong moves}  Ba6 16.Qd1 Nd3 17.Rf1 Qc6 18.a4 
Rc7 {:-)}  19.Rb1 Rfc8 20.Bd2 Nb4 21.Re1 Nd3 
22.Rf1 Bb4 23.b3 h6 24.Bxb4 Nxb4 25.Re1 Bd3 26.Rb2 
Be4 27.Bf1 Qc3 0-1

[Event "HCL-B288"]
[Site "www.playchess.de"]
[Date "2001.04.09"]
[Round "2"]
[White "Fringe"]
[Black "BELAJ_BOY"]
[WhiteElo "1741"]
[BlackElo "1102"]
[PlyCount "23"]
[Result "1-0"]

1.e4 {have a nice game and a good tournament.}  e5 
{Thank You...The same to You,and good luck!}  
2.Nc3 a6 3.f4 d6 4.Nf3 Bg4 5.Bc4 c6 6.fxe5 dxe5 
7.Bxf7+ Kxf7 8.Nxe5+ Ke6 9.Nxg4 Bc5 10.d3 Nd7 
11.d4 Bb4 12.d5+ 1-0

[Event "HCL-C275"]
[Site "www.playchess.de"]
[Date "2001.04.09"]
[Round "6"]
[White "ledger"]
[Black "Ross"]
[WhiteElo "1000"]
[BlackElo "1000"]
[PlyCount "27"]
[Result "1-0"]

1.e4 e5 2.Nf3 Nc6 3.Bc4 Nf6 4.Nc3 Bc5 5.O-O Ng4 
6.d3 Qf6 7.Nd5 O-O 8.Nxf6+ gxf6 9.h3 Nh6 10.Bxh6 
Re8 11.Nh4 f5 12.Nxf5 d6 13.Qg4+ Kh8 
14.Qg7+ 1-0

[Event "HCL-A124"]
[Site "www.playchess.de"]
[Date "2001.04.09"]
[Round "32"]
[White "myosotis1984"]
[Black "BerndS"]
[WhiteElo "1700"]
[BlackElo "1689"]
[PlyCount "34"]
[Result "0-1"]

1.e4 c5 2.Nf3 d6 3.d4 cxd4 4.Nxd4 Nf6 5.Nc3 a6 
6.Be2 e5 7.Nb3 Be7 8.O-O O-O 9.Be3 Be6 10.f4 exf4 
11.Bxf4 Nc6 12.Nd5 Nxe4 13.Nxe7+ Nxe7 14.Nd4 Qb6 
15.Be3 Qxb2 16.Rb1 Qc3 17.Rb3 Bxb3 0-1

[Event "ACL-A147"]
[Site "www.playchess.de"]
[Date "2001.04.09"]
[Round "1"]
[White "hercos"]
[Black "fossa"]
[WhiteElo "1900"]
[BlackElo "1500"]
[PlyCount "36"]
[Result "0-1"]

1.e4 {hi, hoow are you ?}  e6 2.d4 c5 3.c3 Nc6 
4.Nf3 Qb6 5.a3 Qa5 6.Be3 Qb6 7.b4 cxb4 8.cxb4 a5 
9.b5 Nce7 10.a4 Nf6 11.Nbd2 d5 12.e5 Ng4 13.Qb3 
Nf5 14.Rc1 Bb4 15.Bd3 Nfxe3 16.fxe3 Nxe3 17.Kf2 
Bxd2 18.Nxd2 Qxd4 0-1

[Event "ACL-A144"]
[Site "www.playchess.de"]
[Date "2001.04.09"]
[Round "18"]
[White "DKCozy"]
[Black "fossa"]
[WhiteElo "1500"]
[BlackElo "1500"]
[PlyCount "35"]
[Result "1-0"]

1.f4 e6 2.Nf3 c5 3.e3 Nf6 4.b3 Nc6 5.Bb2 b6 6.Bb5 
a6 7.Bxc6 dxc6 8.O-O Bd6 9.Qe1 a5 10.d3 O-O 
11.Nbd2 h6 12.Ne5 Bxe5 13.Bxe5 Ng4 14.Bb2 Ra7 
15.Qg3 f5 16.h3 Nf6 17.Nc4 Nd7 
18.Qxg7+ 1-0

[Event "HCL-C288"]
[Site "www.playchess.de"]
[Date "2001.04.09"]
[Round "4"]
[White "exoticorn"]
[Black "Blitzdonder"]
[WhiteElo "1108"]
[BlackElo "1000"]
[PlyCount "35"]
[Result "1-0"]

1.e4 e5 2.Bc4 Nh6 3.Nf3 d6 4.h3 Nd7 5.O-O Qf6 
6.Nc3 Be7 7.Nd5 Qg6 8.Nxc7+ Kd8 9.Nxa8 Qxe4 10.d3 
Qc6 11.Bg5 f6 12.Be3 e4 13.Nd4 Qa4 14.Ne6+ Ke8 
15.Nac7+ Kf7 16.Qh5+ g6 17.Nd8+ Kg7 
18.Bxh6+ 1-0

[Event "HCL-B279"]
[Site "www.playchess.de"]
[Date "2001.04.09"]
[Round "15"]
[White "whatsleft2"]
[Black "vijal"]
[WhiteElo "1814"]
[BlackElo "799"]
[PlyCount "51"]
[Result "1-0"]

1.e4 {goodluck}  e5 2.Nf3 Nc6 3.d4 exd4 4.c3 dxc3 
5.Bc4 {where are you from}  cxb2 6.Bxb2 d6 7.Qb3 
Qe7 8.Nbd2 Nf6 9.O-O a6 10.Rac1 Na5 11.Qa4+ c6 
12.Qxa5 d5 13.exd5 cxd5 14.Bxf6 Qxf6 15.Bxd5 Bd6 
16.Ne4 Qg6 17.Nxd6+ Qxd6 18.Rfe1+ Be6 19.Qa4+ Qd7 
20.Qxd7+ Kxd7 21.Bxb7 Rab8 22.Bxa6 Bxa2 23.Ne5+ 
Kd6 24.f4 Be6 25.Red1+ Ke7 26.Nc6+ 1-0

[Event "HCL-B291"]
[Site "www.playchess.de"]
[Date "2001.04.09"]
[Round "1"]
[White "Philidor"]
[Black "vijal"]
[WhiteElo "1500"]
[BlackElo "840"]
[PlyCount "23"]
[Result "1-0"]

1.e4 e5 2.Nf3 Nc6 3.Bb5 Bc5 4.Nc3 d6 5.O-O Bd7 
6.d3 h6 7.Nd5 Nf6 8.Qe2 O-O 9.Ng5 Nxd5 10.exd5 Nd4 
11.Qe4 Bxb5 12.Qh7+ {good game, thanks!} 
 1-0

[Event "HCL-B299"]
[Site "www.playchess.de"]
[Date "2001.04.09"]
[Round "19"]
[White "Outeralert"]
[Black "whatsleft2"]
[WhiteElo "1572"]
[BlackElo "1816"]
[PlyCount "78"]
[Result "0-1"]

1.Nf3 d5 2.g3 c5 3.Bg2 Nc6 4.O-O e5 5.d3 Nf6 
6.Nbd2 Bd6 7.e4 d4 8.b3 Be6 9.Bb2 O-O 10.Nc4 b5 
11.Nxd6 Qxd6 12.a3 Rfb8 13.Rb1 c4 14.Bc1 c3 15.Ra1 
h6 16.Nh4 Bg4 17.Bf3 Bxf3 18.Qxf3 a5 19.Nf5 Qe6 
20.g4 Nh7 21.h4 a4 22.b4 Ra7 23.Qg3 Kh8 24.Kh1 f6 
25.Rg1 Rc8 26.Rg2 Rd7 27.g5 hxg5 28.hxg5 g6 29.Nh6 
fxg5 30.Bxg5 Nxg5 31.Qxg5 Rh7 32.Rh2 Rf8 33.Rg1 
Ne7 34.Rg4 Kg7 35.Rgh4 Rfh8 36.f4 Kf8 37.fxe5 Ke8 
38.Ng4 R7xh4 39.Nf6+ Qxf6 0-1

[Event "HCL-B299"]
[Site "www.playchess.de"]
[Date "2001.04.09"]
[Round "20"]
[White "whatsleft2"]
[Black "Elrond"]
[WhiteElo "1816"]
[BlackElo "1669"]
[PlyCount "28"]
[Result "1/2-1/2"]

1.e4 {goodluck}  e5 {*handshake* & goodluck to}  
2.Nf3 {i am in south texas usa where are you from} 
 Nc6 {I'm living in Munich, Germany}  3.d4 {i was 
born in germany my mother is german}  exd4 {And 
when did you leave Germany?}  4.c3 {1952 and have 
not been back to germany since then i am thinking 
about going to germany this summer}  d5 {Fine! Do 
you visit Munich then and Neuschwanstein?}  5.exd5 
{munich yes not sure about rest of country}  Qxd5 
{well maybe you gonna visit a 'Biergarten' like 
Hofbräuhaus.}  6.cxd4 {yes that sounds good}  Bg4 
7.Be2 Bb4+ 8.Nc3 Bxf3 9.Bxf3 Qc4 {put a blank ' ' 
in your message then it will stop repeating.}  
10.Bxc6+ bxc6 11.Qb3 Qxb3 12.axb3 Ne7 13.O-O O-O 
14.Bf4 Rfb8 1/2-1/2

[Event "HCL-C292"]
[Site "www.playchess.de"]
[Date "2001.04.09"]
[Round "1"]
[White "fossa"]
[Black "guigao"]
[WhiteElo "951"]
[BlackElo "1450"]
[PlyCount "48"]
[Result "0-1"]

1.e3 e5 2.c4 Nf6 3.Nc3 c6 4.Nf3 d5 5.Qa4 Bg4 
6.cxd5 Bxf3 7.gxf3 Nxd5 8.Nxd5 Qxd5 9.Bc4 Qxf3 
10.Rf1 Nd7 11.Qb3 Nc5 12.Qc3 Bd6 13.Be2 Qf5 14.b4 
Ne6 15.Ba3 O-O-O 16.Rc1 Kb8 17.d3 Nc7 18.e4 Qf4 
19.Rg1 Nb5 20.Qb3 Nxa3 21.Qxa3 Bxb4+ 22.Qxb4 Qxc1+ 
23.Bd1 Rxd3 24.Ke2 Rhd8 0-1

[Event "HCL-C291"]
[Site "www.playchess.de"]
[Date "2001.04.09"]
[Round "17"]
[White "fossa"]
[Black "MEATHEAD"]
[WhiteElo "951"]
[BlackElo "794"]
[PlyCount "29"]
[Result "1-0"]

1.e3 e5 2.c4 c5 3.Nf3 Bd6 4.d4 Nc6 5.d5 Na5 6.Bd2 
Nf6 7.Bd3 b6 8.h3 Be7 9.Nxe5 O-O 10.Qc2 d6 11.Ng4 
Bxg4 12.hxg4 Nxg4 13.Bxh7+ Kh8 14.Bg8+ Kxg8 
15.Qh7+ 1-0

[Event "HCL-C289"]
[Site "www.playchess.de"]
[Date "2001.04.09"]
[Round "11"]
[White "fossa"]
[Black "MEATHEAD"]
[WhiteElo "951"]
[BlackElo "794"]
[PlyCount "38"]
[Result "0-1"]

1.e3 e5 2.c4 Nf6 3.Nc3 d5 4.Qa4+ Bd7 5.Qb3 Bc6 
6.cxd5 Nxd5 7.Nf3 Be7 8.Nxe5 O-O 9.Nxc6 bxc6 
10.Qb7 Nd7 11.Nxd5 Rb8 12.Qxc6 Bc5 13.Nxc7 Rb6 
14.Qf3 Qxc7 15.Bd3 Ne5 16.Qe4 Nxd3+ 17.Qxd3 Rg6 
18.O-O Qb7 19.b3 Qxg2+ {bye bye :(} 
 0-1

[Event "HCL-A043"]
[Site "www.playchess.de"]
[Date "2001.04.09"]
[Round "10"]
[White "jaann"]
[Black "u2krazie"]
[WhiteElo "1933"]
[BlackElo "1297"]
[PlyCount "47"]
[Result "1-0"]

1.Nf3 c5 2.b3 Nf6 3.Bb2 e6 4.e3 Be7 5.Be2 O-O 
6.O-O d5 7.d3 Nc6 8.Nbd2 Qc7 9.d4 cxd4 10.exd4 Bd6 
11.Bb5 Nb4 12.c3 Nc6 13.Re1 Bd7 14.Bd3 e5 15.dxe5 
Nxe5 16.Nxe5 Bxe5 17.Nf3 Bg4 18.h3 Bxf3 19.Qxf3 
Rfe8 20.Rac1 Qa5 21.Bb1 Qc7 22.g3 Rac8 23.Re2 Qb6 
24.Qf5 1-0

[Event "HCL-A040"]
[Site "www.playchess.de"]
[Date "2001.04.10"]
[Round "9"]
[White "Tassiac"]
[Black "TECNOPANCHO"]
[WhiteElo "1551"]
[BlackElo "1617"]
[PlyCount "84"]
[Result "0-1"]

1.d4 Nf6 2.Nf3 g6 3.Bf4 Bg7 4.Nbd2 O-O 5.h3 d6 
6.e3 c5 7.c3 Bd7 8.Be2 b5 9.O-O b4 10.dxc5 dxc5 
11.cxb4 cxb4 12.Qb3 a5 13.Ne5 Be6 14.Nec4 Nd5 
15.Bf3 Ra7 16.Bxb8 Qxb8 17.Rab1 Nb6 18.Qd3 Rd8 
19.Qe2 Rc7 20.b3 Nxc4 21.Nxc4 Qb5 22.Rbc1 Bc3 
23.Rfd1 Rcd7 24.Rxd7 Rxd7 {WELLCOME BACK}  25.Rd1 
{hello once again}  a4 26.Rxd7 Bxd7 27.Be4 a3 
28.Bd3 Qg5 29.Qc2 Bxh3 30.Be4 Be6 31.Nxa3 h5 
32.Nb1 Bf6 33.Nd2 h4 34.Nf3 Qg4 35.Nh2 Qh5 36.Bf3 
Qg5 37.Qe4 Bc3 38.Qa8+ Kg7 39.Qc6 h3 40.Qb7 hxg2 
41.Bxg2 Qa5 42.Qxe7 Qxa2 0-1

[Event "HCL-A061"]
[Site "www.playchess.de"]
[Date "2001.04.10"]
[Round "4"]
[White "peze"]
[Black "Chapo"]
[WhiteElo "1907"]
[BlackElo "1700"]
[PlyCount "103"]
[Result "1-0"]

1.c4 e5 2.Nc3 Nf6 3.g3 c6 4.Nf3 Qc7 5.Bg2 e4 6.Nd4 
d5 7.cxd5 cxd5 8.d3 Bb4 9.O-O Bxc3 10.Nb5 Qc6 
11.Nxc3 h6 12.Be3 O-O 13.Rc1 Qe6 14.Nb5 Na6 
15.Nxa7 Bd7 16.Qb3 Rfb8 17.dxe4 dxe4 18.Qxe6 Bxe6 
19.Nb5 Nb4 20.a3 Nbd5 21.Bd4 Bg4 22.f3 exf3 
23.exf3 Bd7 24.Nd6 Ra6 25.Rfe1 Be6 26.Be5 Nd7 
27.f4 Nxe5 28.fxe5 b6 29.Kf2 Ra5 30.h4 Ne7 31.h5 
Rd8 32.Bf3 Rb8 33.Rc3 Nd5 34.Rd3 Ne7 35.b4 Ra7 
36.Nb5 Rd7 37.Rxd7 Bxd7 38.Nd6 Be6 39.a4 Nd5 
40.Bxd5 Bxd5 41.Ke3 Bb3 42.Ra1 Kf8 43.a5 bxa5 
44.bxa5 Ra8 45.a6 Be6 46.a7 Ke7 47.Kd4 f6 48.Nb5 
Kd8 49.exf6 gxf6 50.Ra6 Bd7 51.Kc5 Rc8+ 
52.Kd6 1-0

[Event "HCL-B125"]
[Site "www.playchess.de"]
[Date "2001.04.10"]
[Round "6"]
[White "Binder"]
[Black "pird"]
[WhiteElo "1200"]
[BlackElo "1486"]
[PlyCount "74"]
[Result "0-1"]

1.d4 f5 2.g3 Nf6 3.Bg2 g6 4.Nf3 Bg7 5.O-O O-O 6.b3 
d6 7.Bb2 Qe8 8.Nc3 Nfd7 9.e3 e5 10.Re1 e4 11.Nd2 
c6 12.Ne2 c5 13.Rb1 cxd4 14.Bxd4 Bxd4 15.Nxd4 Nc6 
16.Nxc6 bxc6 17.Nc4 d5 18.Nd6 Qe6 19.Nxc8 Raxc8 
20.Bf1 Ne5 21.Be2 Qe7 22.b4 g5 23.f4 gxf4 24.exf4 
Ng6 25.Bh5 Rcb8 26.a3 Rb6 27.c3 a5 28.Qd4 Rfb8 
29.Rba1 axb4 30.cxb4 Nf8 31.Rac1 Ra8 32.Rc3 Rba6 
33.Ree3 Qa7 34.Rc5 Rxa3 35.Rxa3 Qxa3 36.Rxc6 Qa1+ 
37.Kg2 Qxd4 0-1

[Event "HCL-B135"]
[Site "www.playchess.de"]
[Date "2001.04.10"]
[Round "7"]
[White "Tony"]
[Black "dmitry"]
[WhiteElo "1500"]
[BlackElo "1389"]
[PlyCount "49"]
[Result "1-0"]

1.d4 Nf6 2.Nf3 g6 3.e3 Bg7 4.Bd3 d5 5.O-O O-O 
6.Nbd2 Bg4 7.c4 dxc4 8.Bxc4 e6 9.Qc2 Nbd7 10.h3 
Bxf3 11.Nxf3 c5 12.dxc5 Nxc5 13.Rd1 Qb6 14.b3 Rac8 
15.Bb2 Rfd8 16.Rac1 Rxd1+ 17.Rxd1 Qc7 18.Be5 Qe7 
19.Qd2 Ncd7 20.Bd6 Qe8 21.Qb4 Nb6 22.Bb5 Qd8 23.e4 
a6 24.Bd3 Rc6 25.Be7 1-0

[Event "HCL-E016"]
[Site "www.playchess.de"]
[Date "2001.04.10"]
[Round "34"]
[White "seedythayer"]
[Black "ARMAGEDON_8"]
[WhiteElo "2238"]
[BlackElo "2263"]
[PlyCount "70"]
[Result "0-1"]

1.e4 d6 2.d4 Nf6 3.Nc3 g6 4.Bg5 Bg7 5.Qd2 h6 6.Bf4 
g5 7.Bg3 Nh5 8.O-O-O Nc6 9.Nge2 Nxg3 10.hxg3 e6 
11.g4 a6 12.Qe3 b5 13.Ng3 O-O 14.Nh5 {Hi. I'm 
having a hard time getting back into this.}  Bh8 
{Hi, I agree and my free time is so limited.}  
15.Ne2 Qe7 16.Nhg3 {Hi. The knight looks good, but 
can't do much.}  Bg7 {the position is unclear,but 
the better plan should win.}  17.Nh5 {Always true. 
Unless ...}  Bh8 {it's too early for a draw}  
18.Nhg3 {Write: chess_expert@mailexcite.com}  Bg7 
{is this your e-mail address? mine is 
skaouras@hotmail.com}  19.f4 {Hi. Wrote to you, 
but didn't get an answer.}  e5 {SORRY, FOR NOT 
ANSWERING.}  20.dxe5 {Hi I work that much too!}  
gxf4 21.Nxf4 {Hi. No problem. We have to work to 
earn a living. :-(}  Qxe5 {the consequences of the 
worlwide free market, the goverments want power 
and they do not care for us}  22.c3 Bxg4 {now the 
position is chess,the better plan will win.}  
23.Be2 {Hi. Time will tell if I should have done 
the fxe5 capture instead. :-)}  Bxe2 24.Nfxe2 {Hi. 
Played my annual OTB tournament. 4-2. Don't know 
which Knight to take it with.}  Ne7 {I THINK YOU 
MOVE THE RIGHT ONE.}  25.Rh5 f5 26.Nd4 {sorry for 
delay. computer broken at home. had to go to work! 
;-(}  Rae8 27.Rf1 b4 28.Ndxf5 Nxf5 29.Rfxf5 {Hi. A 
few choices on this one!}  Rxf5 {I AGREE,BUT WE 
MUST PLAY 3-4 MORE MOVES TO CLARIFY MY OPINON FOR 
THE POSITION.}  30.Rxf5 {Hi.  Just joines aqnother 
section.}  Qe6 31.cxb4 Qxa2 32.Qa3 Qc4+ 33.Kb1 
Rxe4 34.Rf1 {Hi. I guess this one is over. I'll 
have to analyze where. I don't agree with your 
idea earlier.}  Rg4 {I THINK YOU SHOULD NOT HAVE 
TAKEN THE PAWN ON F5.THE PAWN PUSH ON F5 I THINK 
WAS RIGHT.}  35.Rf3 {I'll have to look at that. It 
could be earlier. :-(}  Qxb4 0-1